External Trade of Czech Republic - Time Series (Record no. 6588)

MARC details
000 -LEADER
fixed length control field 00863nam a22002057i 4500
001 - CONTROL NUMBER
control field 7773
003 - CONTROL NUMBER IDENTIFIER
control field OSt
005 - DATE AND TIME OF LATEST TRANSACTION
control field 20170126082404.0
007 - PHYSICAL DESCRIPTION FIXED FIELD--GENERAL INFORMATION
fixed length control field tu
008 - FIXED-LENGTH DATA ELEMENTS--GENERAL INFORMATION
fixed length control field 161220s xxu||||| |||| 00| 0 d
024 7# - OTHER STANDARD IDENTIFIER
Standard number or code 7773
Source of number or code RID
040 ## - CATALOGING SOURCE
Transcribing agency OSt
110 2# - MAIN ENTRY--CORPORATE NAME
Corporate name or jurisdiction name as entry element Czech Statistical Office
245 00 - TITLE STATEMENT
Title External Trade of Czech Republic - Time Series
260 ## - PUBLICATION, DISTRIBUTION, ETC.
Place of publication, distribution, etc. Tschechische Republik.
490 ## - SERIES STATEMENT
Series statement External Trade of Czech Republic - Time Series
651 ## - SUBJECT ADDED ENTRY--GEOGRAPHIC NAME
Geographic name Czech Republic
866 #0 - TEXTUAL HOLDINGS--BASIC BIBLIOGRAPHIC UNIT
-- 1991/Januar-December-2005/December (unvollständig)
866 #0 - TEXTUAL HOLDINGS--BASIC BIBLIOGRAPHIC UNIT
-- <br><br><br>vorhanden:<br>1991/Januar-December<br>1992/Januar-December<br>1993/Januar-December<br>1994/Januar-December<br>1995/Januar-December<br>1996/Januar-December<br>1997/Januar-December<br>1998/Januar-December<br>1999/Januar-December<br>2000/December<br>2001/December<br>2002/Januar-December<br>2003/Januar-December
942 ## - ADDED ENTRY ELEMENTS (KOHA)
Koha item type Statistics
Holdings
Withdrawn status Lost status Damaged status Not for loan Home library Current library Shelving location Date acquired Inventory number Total Checkouts Barcode Date last seen Price effective from Koha item type
        WIIW WIIW Library 08/07/2008 7773   10003740 01/26/2017 01/26/2017 Statistics
The Vienna Instiute for International Economic Studies (wiiw)